<?xml version="1.0" encoding="UTF-8"?>
<record
    xmlns:xsi="http://www.w3.org/2001/XMLSchema-instance"
    xsi:schemaLocation="http://www.loc.gov/MARC21/slim http://www.loc.gov/standards/marcxml/schema/MARC21slim.xsd"
    xmlns="http://www.loc.gov/MARC21/slim">

  <leader>01166cam a2200289   4500</leader>
  <controlfield tag="001">hew68000158 </controlfield>
  <controlfield tag="003">DLC</controlfield>
  <controlfield tag="005">20260227111517.0</controlfield>
  <controlfield tag="008">690815s1969    dcua     s    00010 eng c</controlfield>
  <datafield tag="010" ind1=" " ind2=" ">
    <subfield code="a">hew68000158 //r873</subfield>
  </datafield>
  <datafield tag="040" ind1=" " ind2=" ">
    <subfield code="a">U.S. Dept. of Health, Education and Welfare Library   HV741.A32 no. 460</subfield>
  </datafield>
  <datafield tag="050" ind1="0" ind2=" ">
    <subfield code="a">HQ796</subfield>
    <subfield code="b">.H45</subfield>
  </datafield>
  <datafield tag="051" ind1=" " ind2=" ">
    <subfield code="a">HV741</subfield>
    <subfield code="b">.A32 no. 460</subfield>
    <subfield code="c">Copy 3.</subfield>
  </datafield>
  <datafield tag="082" ind1=" " ind2=" ">
    <subfield code="a">301.43/1/0973</subfield>
  </datafield>
  <datafield tag="100" ind1="1" ind2="0">
    <subfield code="a">Herzog, Elizabeth.</subfield>
  </datafield>
  <datafield tag="245" ind1="1" ind2="4">
    <subfield code="a">The Nation's youth;</subfield>
    <subfield code="b">a chart book,</subfield>
    <subfield code="c">[by Elizabeth Herzog and Catharine Richards.</subfield>
  </datafield>
  <datafield tag="260" ind1="0" ind2=" ">
    <subfield code="a">Washington,</subfield>
    <subfield code="b">U.S. Children's Bureau; for sale by the Supt. of Docs., U.S. Govt. Print. Off.,</subfield>
    <subfield code="c">1968, i.e. 1969]</subfield>
  </datafield>
  <datafield tag="300" ind1=" " ind2=" ">
    <subfield code="a">1 v. (unpaged)</subfield>
    <subfield code="b">illus.</subfield>
    <subfield code="c">20 x 26 cm.</subfield>
  </datafield>
  <datafield tag="350" ind1=" " ind2=" ">
    <subfield code="a">1.00</subfield>
  </datafield>
  <datafield tag="490" ind1="1" ind2=" ">
    <subfield code="a">Children's Bureau publication</subfield>
    <subfield code="v">no. 460</subfield>
  </datafield>
  <datafield tag="500" ind1=" " ind2=" ">
    <subfield code="a">"Statistical collaboration was provided by the Population Reference Bureau."</subfield>
  </datafield>
  <datafield tag="650" ind1=" " ind2="0">
    <subfield code="a">Youth</subfield>
    <subfield code="z">United States</subfield>
    <subfield code="x">Statistics.</subfield>
  </datafield>
  <datafield tag="650" ind1=" " ind2="4">
    <subfield code="a">Youth</subfield>
    <subfield code="z">United States</subfield>
    <subfield code="x">Statistics.</subfield>
  </datafield>
  <datafield tag="700" ind1="1" ind2="0">
    <subfield code="a">Richards, Catharine V.,</subfield>
    <subfield code="e">joint author.</subfield>
  </datafield>
  <datafield tag="710" ind1="2" ind2="0">
    <subfield code="a">Population Reference Bureau.</subfield>
  </datafield>
  <datafield tag="830" ind1=" " ind2="0">
    <subfield code="a">Bureau publication (United States. Children's Bureau) ;</subfield>
    <subfield code="v">no. 460.</subfield>
  </datafield>
  <datafield tag="999" ind1=" " ind2=" ">
    <subfield code="c">34810</subfield>
    <subfield code="d">34810</subfield>
  </datafield>
</record>
